Statistics for Which Country: Estonia, Latvia, Lithuania

Click here to take the quiz!

General Stats

  • This quiz has been taken 179 times
    (159 since last reset)
  • The average score is 9 of 15

Answer Stats

QuestionAnswer% Correct
Which Baltic State considers itself Nordic?Estonia
95%
Which Baltic State does not have red on its flag?Estonia
95%
Which Baltic State has over 2,000 islands?Estonia
87%
What is the most populated Baltic State?Lithuania
86%
What is the largest Baltic country?Lithuania
81%
Which Baltic State has the longest sea border?Estonia
66%
What Baltic State has the wildest waterfall in the world (Ventas rumba)?Latvia
61%
Which Baltic State grows the most potatoes?Latvia
57%
Which Baltic State consumes the most potatoes?Latvia
54%
Which Baltic State has the highest suicide rate in EuropeLithuania
53%
Which Baltic State has the most rivers?Latvia
50%
Which Baltic State shares the longest border with Russia?Estonia
47%
Which Baltic State is home to the oldest tree in Europe (The Stelmuze oak tree)?Lithuania
45%
Which Baltic State has the 5th fastest internet in the world?Latvia
35%
What was the first Baltic State to gain independence from the Soviet Union?Estonia
29%

Score Distribution

Percentile by Number Answered

Percent of People with Each Score

Your Score History

You have not taken this quiz since the last reset